000 00514 a2200157 4500
999 _c41362
_d41362
003 OSt
005 20211022103958.0
008 211022b ||||| |||| 00| 0 eng d
040 _coclc
082 _a954.83
_bKAR/A
100 _92123
_aKareem, K K Muhammed Abdul
245 _aAli Musliyar, KM Moulaviyude Qilafath Smaranakal /
_cK K Muhammed Abdul Kareem
260 _aThirurangadi:
_bC H Muhammed & Sons,
_c2021.
300 _a106 pages
942 _2ddc
_cBK
_h954.83
_iKAR/A
_k954.83
_mKAR/A